[Event "NED-chT 2324"]
[Site "Netherlands"]
[Date "2023.11.25"]
[Round "4.2"]
[White "Pardo Simon, David"]
[Black "Ernst, Sipke"]
[Result "0-1"]
[WhiteElo "2453"]
[BlackElo "2550"]
[PlyCount "68"]
[EventDate "2023.09.16"]
[EventType "team-tourn"]
[EventRounds "9"]
[EventCountry "NED"]
[SourceTitle "EXT 2025"]
[Source "ChessBase"]
[SourceDate "2024.10.14"]
[SourceVersion "1"]
[SourceVersionDate "2024.10.14"]
[SourceQuality "1"]
[WhiteTeam "Kennemer Combinatie"]
[BlackTeam "Groningen Combinatie"]
[WhiteTeamCountry "NED"]
[BlackTeamCountry "NED"]

1. d4 Nf6 2. Nc3 d5 3. Bf4 e6 4. Nb5 Na6 5. e3 Be7 6. Bd3 c6 7. Nc3 Nb4 8. Be2 a5 9. Nf3 0-0 10. h3 b6 11. a3 Na6 12. 0-0 Nb8 13. Bd3 Ba6 14. Re1 Nbd7 15. Qe2 Bxd3 16. cxd3 b5 17. e4 Qb6 18. Bg5 h6 19. Bh4 Rfe8 20. Rec1 Rac8 21. e5 Nh7 22. Bxe7 Rxe7 23. b4 Ra8 24. Ra2 Nhf8 25. Rac2 axb4 26. axb4 Nb8 27. g4 Rea7 28. Qd2 Qd8 29. Ne2 Qe7 30. Ng3 Ra1 31. Ne1 R8a4 32. Rxa1 Rxa1 33. Kh2 Ng6 34. Rb2 Nh4 0-1

[Event "EU Corporate-ch"]
[Site "Rotterdam"]
[Date "2022.06.19"]
[Round "7"]
[White "Pardo Simon, David"]
[Black "Kanyamarala, Tarun"]
[Result "1-0"]
[WhiteElo "2461"]
[BlackElo "2388"]
[PlyCount "97"]
[EventDate "2022.06.18"]
[EventType "team-tourn (rapid)"]
[EventRounds "9"]
[EventCountry "NED"]
[SourceTitle "EXT 2023"]
[Source "ChessBase"]
[SourceDate "2022.10.05"]
[SourceVersion "1"]
[SourceVersionDate "2022.10.05"]
[SourceQuality "1"]

1. Nf3 f5 2. d4 Nf6 3. g3 g6 4. Bg2 Bg7 5. 0-0 0-0 6. c4 d6 7. Nc3 c6 8. b3 Qc7 9. Bb2 e5 10. dxe5 dxe5 11. e4 f4 12. Qc2 Nh5 13. Ba3 Re8 14. Rad1 Na6 15. Bd6 Qf7 16. Na4 Bg4 17. h3 Bxf3 18. Bxf3 g5 19. Bg4 Rad8 20. c5 Bf8 21. Bxf8 Kxf8 22. Qc3 Rxd1 23. Rxd1 Nf6 24. Bf5 Nc7 25. Nb2 Nb5 26. Qc4 Nd4 27. Qxf7+ Kxf7 28. Nc4 Re7 29. Nxe5+ Rxe5 30. Rxd4 fxg3 31. b4 gxf2+ 32. Kxf2 Re8 33. Kf3 h6 34. a4 a6 35. Rd6 Ke7 36. Re6+ Kf7 37. Rxe8 Nxe8 38. Bc8 Ke7 39. Bxb7 Kd7 40. Bxa6 Ng7 41. Bc4 Nh5 42. b5 cxb5 43. axb5 Kc7 44. b6+ Kb7 45. Bd5+ Kb8 46. c6 Nf6 47. c7+ Kc8 48. Be6+ Nd7 49. Kg4 1-0

[Event "EU Corporate-ch"]
[Site "Rotterdam"]
[Date "2022.06.18"]
[Round "4"]
[White "Pardo Simon, David"]
[Black "Konijn, Bart"]
[Result "1-0"]
[WhiteElo "2461"]
[BlackElo "2224"]
[PlyCount "59"]
[EventDate "2022.06.18"]
[EventType "team-tourn (rapid)"]
[EventRounds "9"]
[EventCountry "NED"]
[SourceTitle "EXT 2023"]
[Source "ChessBase"]
[SourceDate "2022.10.05"]
[SourceVersion "1"]
[SourceVersionDate "2022.10.05"]
[SourceQuality "1"]

1. Nf3 Nf6 2. e3 d5 3. c4 c6 4. b3 g6 5. Bb2 Bg7 6. Be2 0-0 7. 0-0 Bf5 8. Nc3 Nbd7 9. Nd4 e5 10. Nxf5 gxf5 11. cxd5 cxd5 12. Rc1 a6 13. Na4 Qe7 14. Rc7 b5 15. Nb6 Rab8 16. Nxd7 Nxd7 17. Qc2 Qd8 18. Rc6 Rc8 19. Rxc8 Qxc8 20. Qxf5 Nb6 21. Bg4 Qc7 22. Rc1 Qd6 23. Qh5 a5 24. Bf5 h6 25. Bd3 e4 26. Qg4 f6 27. Bxb5 Qb4 28. Qe6+ Kh8 29. Qxb6 Qxd2 30. Qd4 1-0

[Event "World Corporate East C"]
[Site "Chess.com INT"]
[Date "2021.02.20"]
[Round "5.2"]
[White "Jagadish, Hd"]
[Black "Pardo Simon, David"]
[Result "0-1"]
[WhiteElo "2104"]
[BlackElo "2461"]
[PlyCount "130"]
[EventDate "2021.02.19"]
[EventType "team (rapid)"]
[EventRounds "7"]
[EventCountry "USA"]
[SourceTitle "EXT 2022"]
[Source "ChessBase"]
[SourceDate "2021.10.06"]
[SourceVersion "1"]
[SourceVersionDate "2021.10.06"]
[SourceQuality "1"]
[WhiteTeam "Tata Consultancy Services Europe"]
[BlackTeam "Optiver"]
[WhiteTeamCountry "ENG"]
[BlackTeamCountry "NED"]

1. e4 e5 2. Bc4 Nf6 3. Qe2 Nc6 4. c3 Bc5 5. Nf3 0-0 6. b4 Bb6 7. d3 d5 8. Bb3 h6 9. 0-0 dxe4 10. dxe4 Bg4 11. Ba3 Re8 12. Nbd2 a6 13. Rad1 Qc8 14. Nc4 Ba7 15. Ne3 Nxe4 16. Bxf7+ Kh8 17. Bxe8 Nxc3 18. Qc4 Bxf3 19. Bd7 Qf8 20. Bxc6 Nxd1 21. Bxf3 Nxe3 22. fxe3 Bxe3+ 23. Kh1 Rd8 24. Qe4 Bd4 25. Be2 Qe7 26. Bd3 g5 27. Qg6 Qg7 28. Qh5 Rf8 29. Rxf8+ Qxf8 30. Qf3 Qxf3 31. gxf3 Kg7 32. b5 axb5 33. Bxb5 c6 34. Bd3 Kf6 35. Kg2 b6 36. Be4 c5 37. Kf1 h5 38. Ke2 g4 39. Kd3 Bg1 40. fxg4 hxg4 41. Bc1 Bxh2 42. Be3 Bf4 43. Bg1 Bc1 44. a4 Kg5 45. Be3+ Bxe3 46. Kxe3 c4 47. Bd5 c3 48. Kd3 Kf4 49. Bc6 g3 50. Kxc3 Ke3 51. Kc4 e4 52. Kb5 g2 53. Kxb6 g1Q 54. a5 Qb1+ 55. Bb5 Kd4 56. a6 e3 57. a7 Qg6+ 58. Bc6 Qg8 59. Bb5 Ke5 60. Kb7 Qf7+ 61. Kb8 Qf8+ 62. Kb7 Qe7+ 63. Ka6 Qd8 64. Kb7 Qe7+ 65. Kb8 Kd6 0-1

[Event "NED-chT 1718"]
[Site "Netherlands"]
[Date "2017.09.23"]
[Round "2.4"]
[White "Pardo Simon, David"]
[Black "Klein, David"]
[Result "0-1"]
[WhiteElo "2477"]
[BlackElo "2491"]
[PlyCount "111"]
[EventDate "2017.09.16"]
[EventType "team-tourn"]
[EventRounds "9"]
[EventCountry "NED"]
[SourceTitle "EXT 2019"]
[Source "ChessBase"]
[SourceDate "2018.10.10"]
[SourceVersion "1"]
[SourceVersionDate "2018.10.10"]
[SourceQuality "1"]
[WhiteTeam "BSG"]
[BlackTeam "Kennemer Combinatie"]
[WhiteTeamCountry "NED"]
[BlackTeamCountry "NED"]

1. d4 Nf6 2. c4 e6 3. Nc3 Bb4 4. e3 0-0 5. Bd3 c5 6. Nf3 b6 7. 0-0 Bb7 8. a3 Bxc3 9. bxc3 Be4 10. a4 Nc6 11. Be2 Na5 12. Nd2 Bg6 13. Ba3 Qc7 14. Nb3 Ne4 15. Nxa5 Nxc3 16. Qe1 Nxe2+ 17. Qxe2 bxa5 18. Bxc5 Rfc8 19. Rfc1 Rab8 20. Qa2 Rb7 21. Qa3 h6 22. f3 Qc6 23. Bd6 Rb6 24. Bc5 Rb7 25. Bd6 Kh7 26. e4 Qa6 27. c5 f5 28. e5 f4 29. Qc3 Qe2 30. Re1 Qd3 31. Qxd3 Bxd3 32. Red1 Bc4 33. Rdb1 Rb3 34. Rxb3 Bxb3 35. Kf2 g5 36. Ke2 Kg6 37. Kd3 Bd5 38. Rb1 Bc6 39. d5 Bxd5 40. Rb5 a6 41. Rb6 Ra8 42. Rb8 Rxb8 43. Bxb8 Bc6 44. Bc7 Kf5 45. Kd4 g4 46. fxg4+ Kxg4 47. Bxa5 Bxa4 48. Be1 Bc6 49. h3+ Kf5 50. g3 f3 51. Ke3 Kxe5 52. g4 Kf6 53. h4 h5 54. gxh5 Kg7 55. Kf2 Kh6 56. Kg3 0-1

[Event "BCF-chT1b 1617 (4NCL)"]
[Site "England"]
[Date "2017.02.12"]
[Round "6.51"]
[White "Pardo Simon, David"]
[Black "Sadler, Matthew D"]
[Result "0-1"]
[WhiteElo "2478"]
[BlackElo "2670"]
[PlyCount "80"]
[EventDate "2016.11.19"]
[EventType "team-tourn"]
[EventRounds "7"]
[EventCountry "ENG"]
[SourceTitle "EXT 2018"]
[Source "ChessBase"]
[SourceDate "2017.10.13"]
[SourceVersion "1"]
[SourceVersionDate "2017.10.13"]
[SourceQuality "1"]
[WhiteTeam "Grantham Sharks"]
[BlackTeam "Guildford"]
[WhiteTeamCountry "ENG"]
[BlackTeamCountry "ENG"]

1. d4 Nf6 2. c4 e6 3. Nc3 Bb4 4. e3 0-0 5. a3 Bxc3+ 6. bxc3 c5 7. Bd3 Nc6 8. Ne2 b6 9. e4 Ne8 10. Be3 Ba6 11. Ng3 Na5 12. Qe2 Rc8 13. d5 Qh4 14. 0-0 Nd6 15. f4 f5 16. Bf2 Qg4 17. Qc2 Bxc4 18. e5 Ne4 19. Bxc4 Nxc4 20. Qd3 Ncd2 21. Rfd1 Qxf4 22. Ne2 Qxe5 23. dxe6 dxe6 24. Rxd2 Nxd2 25. Qxd2 Rcd8 26. Qc2 f4 27. Re1 f3 28. Ng3 Qd5 29. gxf3 Rxf3 30. Ne4 Rd3 31. c4 Qf5 32. Qa4 Rd1 33. Qc6 Qg4+ 34. Kf1 h6 35. a4 Qh3+ 36. Kg1 Rxe1+ 37. Bxe1 Qe3+ 38. Bf2 Qc1+ 39. Kg2 Qxc4 40. Bh4 Qd5 0-1

[Event "BCF-chT1b 1617 (4NCL)"]
[Site "England"]
[Date "2016.11.20"]
[Round "2.61"]
[White "Sowray, Peter John"]
[Black "Pardo Simon, David"]
[Result "1/2-1/2"]
[WhiteElo "2310"]
[BlackElo "2478"]
[PlyCount "124"]
[EventDate "2016.11.19"]
[EventType "team-tourn"]
[EventRounds "7"]
[EventCountry "ENG"]
[SourceTitle "CBM 175 Extra"]
[Source "ChessBase"]
[SourceDate "2016.12.12"]
[SourceVersion "1"]
[SourceVersionDate "2016.12.12"]
[SourceQuality "1"]
[WhiteTeam "Barbican II"]
[BlackTeam "Grantham Sharks"]
[WhiteTeamCountry "ENG"]
[BlackTeamCountry "ENG"]

1. d4 Nf6 2. c4 e6 3. Nc3 Bb4 4. e3 0-0 5. Nge2 c6 6. a3 Ba5 7. Qc2 d5 8. Ng3 Nbd7 9. Be2 Bc7 10. 0-0 h5 11. e4 h4 12. Nh5 Nxh5 13. Bxh5 dxe4 14. Nxe4 Nf6 15. Bg5 Qxd4 16. Bxf6 gxf6 17. Rad1 Qe5 18. f4 Qf5 19. g4 hxg3 20. hxg3 Kg7 21. g4 Qh7 22. Rd2 Rh8 23. Rh2 b6 24. Rff2 Kf8 25. Bxf7 Qg7 26. Rxh8+ Qxh8 27. Bg6 Qg7 28. Bh5 f5 29. Ng5 Bxf4 30. Rxf4 Qxg5 31. Qc3 Ke7 32. Qe5 Qf6 33. Rxf5 Qxe5 34. Rxe5 Bd7 35. Kf2 Rf8+ 36. Ke2 Rf4 37. Kd3 Kf6 38. Re4 e5 39. Ke3 Rf1 40. g5+ Kxg5 41. Rxe5+ Kf6 42. Be2 Rb1 43. Rh5 Rxb2 44. Rh7 Be6 45. Rxa7 Ke5 46. a4 Ra2 47. Rb7 Rxa4 48. Rxb6 Ra3+ 49. Kd2 Ra2+ 50. Ke3 Ra3+ 51. Kd2 Bd7 52. Rb7 Bf5 53. Rb8 Kd4 54. Rd8+ Kc5 55. Rf8 Be6 56. Bd3 Bxc4 57. Bxc4 Kxc4 58. Rf4+ Kb5 59. Kc2 c5 60. Rh4 Rg3 61. Rf4 c4 62. Rf8 Rg2+ 1/2-1/2

[Event "ESP-chT CECLUB Div1"]
[Site "Linares"]
[Date "2016.08.24"]
[Round "5"]
[White "Ortega Ruiz, Jose Miguel"]
[Black "Pardo Simon, David"]
[Result "0-1"]
[WhiteElo "2278"]
[BlackElo "2492"]
[PlyCount "90"]
[EventDate "2016.08.20"]
[EventType "team-tourn"]
[EventRounds "7"]
[EventCountry "ESP"]
[SourceTitle "CBM 174 Extra"]
[Source "ChessBase"]
[SourceDate "2016.10.10"]
[SourceVersion "1"]
[SourceVersionDate "2016.10.10"]
[SourceQuality "1"]
[WhiteTeam "Collado Villalba"]
[BlackTeam "Beniajan Duochess CAC"]
[WhiteTeamCountry "ESP"]
[BlackTeamCountry "ESP"]

1. d4 f5 2. g3 Nf6 3. Bg2 g6 4. c3 Bg7 5. h4 e6 6. Nh3 d6 7. Qb3 c6 8. Bf4 Nh5 9. Bg5 Qd7 10. e4 fxe4 11. Bxe4 0-0 12. Nd2 d5 13. Bf3 Qf7 14. 0-0-0 e5 15. dxe5 Nd7 16. e6 Qxe6 17. Bxh5 gxh5 18. Be3 Qf5 19. Nf4 Ne5 20. Qc2 Bh6 21. Nb3 Qxc2+ 22. Kxc2 Bf5+ 23. Kd2 Bg4 24. Rdf1 Rae8 25. Kc2 Bf5+ 26. Kd1 Bxf4 27. gxf4 Nd3 28. Rhg1+ Bg6 29. Nd4 c5 30. Nb5 Nxb2+ 31. Kd2 Nc4+ 32. Kc1 b6 33. Nc7 Re7 34. Nxd5 Rd7 35. Rd1 Kg7 36. f5 Rxf5 37. Nf4 Re7 38. Rg3 Kf7 39. Rdg1 Rxf4 40. Bxf4 Re2 41. Kd1 Rxf2 42. Bc1 Rxa2 43. Rf3+ Ke6 44. Re1+ Kd5 45. Re7 Bc2+ 0-1

[Event "ESP-chT CECLUB Div1"]
[Site "Linares"]
[Date "2016.08.22"]
[Round "3"]
[White "Padeiro, Jose Joao Tato"]
[Black "Pardo Simon, David"]
[Result "1-0"]
[WhiteElo "2285"]
[BlackElo "2492"]
[PlyCount "103"]
[EventDate "2016.08.20"]
[EventType "team-tourn"]
[EventRounds "7"]
[EventCountry "ESP"]
[SourceTitle "CBM 174 Extra"]
[Source "ChessBase"]
[SourceDate "2016.10.10"]
[SourceVersion "1"]
[SourceVersionDate "2016.10.10"]
[SourceQuality "1"]
[WhiteTeam "Vigo Universidad"]
[BlackTeam "Beniajan Duochess CAC"]
[WhiteTeamCountry "ESP"]
[BlackTeamCountry "ESP"]

1. d4 d6 2. Nf3 g6 3. g3 Bg7 4. Bg2 Nd7 5. c4 e5 6. Nc3 Ne7 7. 0-0 0-0 8. dxe5 dxe5 9. Qb3 Nf5 10. Rd1 c6 11. Ne4 Qe7 12. Bg5 f6 13. Bd2 a5 14. e3 Nc5 15. Qc2 Nxe4 16. Qxe4 Nd6 17. Qc2 Bf5 18. Qc1 c5 19. b3 e4 20. Ne1 Bg4 21. f3 exf3 22. Bxf3 Bxf3 23. Nxf3 Ne4 24. Be1 a4 25. Rd3 f5 26. Rb1 axb3 27. Rdxb3 Nd6 28. Qd1 Rxa2 29. Qd5+ Kh8 30. Qxc5 Rc8 31. Qd5 Rxc4 32. Rd1 Rc6 33. Bb4 Raa6 34. Nd4 Bxd4 35. Qxd4+ Qg7 36. Qd3 Ne4 37. Qd8+ Qg8 38. Qd4+ Qg7 39. Qd8+ Qg8 40. Qe7 Re6 41. Qxb7 h5 42. Ba3 Nf6 43. Bb2 Qf8 44. Rd7 Kg8 45. Rc7 Rad6 46. Bd4 Rd8 47. Rb6 Rxb6 48. Qxb6 Rd6 49. Qb7 Qe8 50. Rg7+ Kf8 51. Bc5 Ne4 52. Rh7 1-0

[Event "ESP-chT CECLUB Div1"]
[Site "Linares"]
[Date "2016.08.21"]
[Round "2"]
[White "Pardo Simon, David"]
[Black "Barrero Garcia, Carlos"]
[Result "1-0"]
[WhiteElo "2492"]
[BlackElo "2355"]
[PlyCount "117"]
[EventDate "2016.08.20"]
[EventType "team-tourn"]
[EventRounds "7"]
[EventCountry "ESP"]
[SourceTitle "CBM 174 Extra"]
[Source "ChessBase"]
[SourceDate "2016.10.10"]
[SourceVersion "1"]
[SourceVersionDate "2016.10.10"]
[SourceQuality "1"]
[WhiteTeam "Beniajan Duochess CAC"]
[BlackTeam "Oromana Schneider Electric"]
[WhiteTeamCountry "ESP"]
[BlackTeamCountry "ESP"]

1. d4 Nf6 2. Nf3 g6 3. c4 Bg7 4. Nc3 0-0 5. g3 c5 6. Bg2 cxd4 7. Nxd4 Nc6 8. 0-0 Qa5 9. e3 d6 10. h3 Bd7 11. Qe2 Rac8 12. Bd2 Qb6 13. Nxc6 bxc6 14. b3 Be6 15. Rac1 Nd7 16. Kh2 a5 17. e4 Nc5 18. f4 Rfd8 19. Qf3 Bd7 20. Rfd1 Be8 21. Rb1 Qa6 22. Bf1 Qa8 23. Be1 Rb8 24. Bg2 Ne6 25. Bf2 Qb7 26. Rd3 Qb4 27. Na4 c5 28. Nc3 Bc6 29. Nd5 Qb7 30. f5 Nd4 31. Bxd4 Bxd4 32. Rf1 e6 33. fxe6 fxe6 34. Nf4 Qe7 35. Qg4 Bd7 36. Qd1 Rf8 37. h4 Be5 38. Bh3 Rf6 39. Rdf3 Rbf8 40. Qd2 Bc6 41. Qe3 a4 42. Bxe6+ Rxe6 43. Nxe6 Rxf3 44. Qxf3 h6 45. Qf8+ Qxf8 46. Rxf8+ Kh7 47. bxa4 Bxa4 48. Rf7+ Kg8 49. Rf8+ Kh7 50. Rf7+ Kg8 51. Ra7 Bc6 52. a4 Bxe4 53. a5 Bd3 54. a6 Bxc4 55. Nc7 Bd3 56. Ra8+ Kf7 57. a7 Be4 58. Rb8 c4 59. Rb4 1-0

[Event "ESP-chT CECLUB Div1"]
[Site "Linares"]
[Date "2016.08.20"]
[Round "1"]
[White "Martin Capitan, Feliciano"]
[Black "Pardo Simon, David"]
[Result "0-1"]
[WhiteElo "2116"]
[BlackElo "2492"]
[PlyCount "52"]
[EventDate "2016.08.20"]
[EventType "team-tourn"]
[EventRounds "7"]
[EventCountry "ESP"]
[SourceTitle "CBM 174 Extra"]
[Source "ChessBase"]
[SourceDate "2016.10.10"]
[SourceVersion "1"]
[SourceVersionDate "2016.10.10"]
[SourceQuality "1"]
[WhiteTeam "D'Escas Barbera"]
[BlackTeam "Beniajan Duochess CAC"]
[WhiteTeamCountry "ESP"]
[BlackTeamCountry "ESP"]

1. e4 c5 2. c4 Nc6 3. Nc3 e6 4. g3 Nf6 5. Bg2 d5 6. exd5 exd5 7. cxd5 Nb4 8. d3 Be7 9. Nge2 0-0 10. 0-0 Nfxd5 11. Nxd5 Nxd5 12. d4 Be6 13. dxc5 Bxc5 14. Nf4 Nxf4 15. Bxf4 Qb6 16. Qf3 Qxb2 17. Qxb7 Bxf2+ 18. Kh1 Bb6 19. a4 Rad8 20. a5 Bd4 21. Qxb2 Bxb2 22. Rab1 Bd4 23. Rb7 Rd5 24. Rd1 Rxa5 25. Bd6 Rc8 26. Bb4 Ra2 0-1

[Event "ESP-ch rapid"]
[Site "Linares"]
[Date "2016.08.14"]
[Round "3"]
[White "Pardo Simon, David"]
[Black "Alonso Rosell, Alvar"]
[Result "0-1"]
[WhiteElo "2492"]
[BlackElo "2524"]
[PlyCount "80"]
[EventDate "2016.08.14"]
[EventType "swiss (rapid)"]
[EventRounds "9"]
[EventCountry "ESP"]
[SourceTitle "CBM 173 Extra"]
[Source "ChessBase"]
[SourceDate "2016.08.29"]
[SourceVersion "1"]
[SourceVersionDate "2016.08.29"]
[SourceQuality "1"]

1. d4 Nf6 2. c4 e6 3. Nc3 d5 4. cxd5 Nxd5 5. Nf3 c5 6. e4 Nxc3 7. bxc3 cxd4 8. cxd4 Bb4+ 9. Bd2 Bxd2+ 10. Qxd2 0-0 11. Be2 b6 12. 0-0 Bb7 13. Qe3 Nd7 14. a4 a5 15. Rab1 Rc8 16. Rfc1 Qe7 17. h3 h6 18. Nd2 Rfd8 19. Nc4 Ba6 20. Bf1 Rc7 21. Nxa5 Rxc1 22. Rxc1 bxa5 23. Bxa6 Qb4 24. Bb5 Nf6 25. Rd1 e5 26. d5 Nxe4 27. Qb6 Rd6 28. Qb8+ Kh7 29. Qe8 Qb3 30. Re1 Qc2 31. Rf1 Rxd5 32. Qxf7 Nf6 33. Qa7 Qd2 34. Qe3 Qxe3 35. fxe3 h5 36. Rc1 h4 37. Kf2 Rd2+ 38. Kf3 e4+ 39. Kf4 Rd5 40. Rc7 Kh6 0-1

[Event "ESP-ch rapid"]
[Site "Linares"]
[Date "2016.08.14"]
[Round "5"]
[White "Pardo Simon, David"]
[Black "Domingo Nunez, Alejandro"]
[Result "1/2-1/2"]
[WhiteElo "2492"]
[BlackElo "2344"]
[PlyCount "60"]
[EventDate "2016.08.14"]
[EventType "swiss (rapid)"]
[EventRounds "9"]
[EventCountry "ESP"]
[SourceTitle "CBM 173 Extra"]
[Source "ChessBase"]
[SourceDate "2016.08.29"]
[SourceVersion "1"]
[SourceVersionDate "2016.08.29"]
[SourceQuality "1"]

1. Nf3 Nf6 2. c4 g6 3. Nc3 Bg7 4. d4 d6 5. e4 0-0 6. Be2 e5 7. Be3 Nc6 8. d5 Ne7 9. Nd2 Ne8 10. f3 Kh8 11. b4 Ng8 12. c5 Bh6 13. Bf2 f5 14. Nc4 fxe4 15. Nxe4 Bf5 16. 0-0 Ngf6 17. Nc3 Qe7 18. Re1 Nh5 19. g3 Qf6 20. Bf1 Bg4 21. fxg4 Qxf2+ 22. Kh1 Nxg3+ 23. hxg3 Qxg3 24. Ne4 Qh4+ 25. Kg1 Rf4 26. Bg2 Nf6 27. Nxf6 Qf2+ 28. Kh1 Qh4+ 29. Kg1 Qf2+ 30. Kh1 Qh4+ 1/2-1/2

[Event "ESP-ch 81st"]
[Site "Linares"]
[Date "2016.08.13"]
[Round "9"]
[White "Barrenechea Bahamonde, Gustavo"]
[Black "Pardo Simon, David"]
[Result "0-1"]
[WhiteElo "2189"]
[BlackElo "2492"]
[PlyCount "70"]
[EventDate "2016.08.05"]
[EventType "swiss"]
[EventRounds "9"]
[EventCountry "ESP"]
[SourceTitle "CBM 173 Extra"]
[Source "ChessBase"]
[SourceDate "2016.08.29"]
[SourceVersion "1"]
[SourceVersionDate "2016.08.29"]
[SourceQuality "1"]

1. e4 d6 2. d4 Nf6 3. Bd3 e5 4. c3 Nbd7 5. Nf3 g6 6. 0-0 Bg7 7. Re1 0-0 8. Nbd2 b6 9. dxe5 dxe5 10. Nc4 Qe7 11. Bg5 h6 12. Bh4 Bb7 13. Qe2 Rfe8 14. Rad1 a5 15. Ne3 Nc5 16. Ng4 Nxd3 17. Nxf6+ Bxf6 18. Bxf6 Qxf6 19. Qxd3 Rad8 20. Qe2 Qe6 21. c4 Kg7 22. b3 Rxd1 23. Rxd1 Qg4 24. Re1 Rd8 25. h3 Qe6 26. Nh2 Rd4 27. f3 Qd6 28. Nf1 a4 29. Kh2 Ba6 30. Rb1 Qb4 31. Rb2 Qc3 32. Ne3 c6 33. bxa4 Rd3 34. Nd1 Rxd1 35. Rxb6 Rd3 0-1

[Event "ESP-ch 81st"]
[Site "Linares"]
[Date "2016.08.11"]
[Round "7"]
[White "Pardo Simon, David"]
[Black "Henderson de la Fuente, Lance"]
[Result "1/2-1/2"]
[WhiteElo "2492"]
[BlackElo "2306"]
[PlyCount "73"]
[EventDate "2016.08.05"]
[EventType "swiss"]
[EventRounds "9"]
[EventCountry "ESP"]
[SourceTitle "CBM 173 Extra"]
[Source "ChessBase"]
[SourceDate "2016.08.29"]
[SourceVersion "1"]
[SourceVersionDate "2016.08.29"]
[SourceQuality "1"]

1. Nf3 Nf6 2. c4 e6 3. Nc3 c5 4. g3 b6 5. Bg2 Bb7 6. 0-0 Be7 7. d4 cxd4 8. Qxd4 0-0 9. Rd1 Nc6 10. Qf4 d6 11. b3 Qb8 12. Bb2 Ne5 13. e4 Rc8 14. h3 a6 15. Nd4 Nc6 16. Qe3 Nxd4 17. Qxd4 Bc6 18. a4 Ra7 19. Kh2 Bf8 20. Ba3 Ne8 21. Ne2 Ra8 22. Qd3 b5 23. cxb5 axb5 24. Nd4 bxa4 25. Nxc6 Rxc6 26. e5 d5 27. Bxf8 Kxf8 28. bxa4 Qxe5 29. Qxh7 g6 30. Qh6+ Kg8 31. Rdc1 Rca6 32. Bf1 Ra5 33. Qd2 Nd6 34. Qb4 Ne4 35. Ra2 d4 36. Bg2 Rb8 37. Qe7 1/2-1/2

[Event "ESP-ch 81st"]
[Site "Linares"]
[Date "2016.08.10"]
[Round "6"]
[White "Matnadze, Ana"]
[Black "Pardo Simon, David"]
[Result "1/2-1/2"]
[WhiteElo "2355"]
[BlackElo "2492"]
[PlyCount "78"]
[EventDate "2016.08.05"]
[EventType "swiss"]
[EventRounds "9"]
[EventCountry "ESP"]
[SourceTitle "CBM 173 Extra"]
[Source "ChessBase"]
[SourceDate "2016.08.29"]
[SourceVersion "1"]
[SourceVersionDate "2016.08.29"]
[SourceQuality "1"]

1. d4 g6 2. Nf3 Bg7 3. g3 d6 4. Bg2 Nd7 5. 0-0 e5 6. c4 Ne7 7. Nc3 0-0 8. e4 exd4 9. Nxd4 Nc6 10. Be3 Nde5 11. Nxc6 bxc6 12. Bd4 c5 13. Bxe5 Bxe5 14. Qd3 a5 15. Rad1 a4 16. Kh1 Be6 17. Rd2 Bxc3 18. Qxc3 Rb8 19. e5 Rb4 20. b3 axb3 21. axb3 Qb8 22. Rd3 Bf5 23. Re3 dxe5 24. Qxe5 Qb6 25. h4 h5 26. Rfe1 Qd6 27. Bd5 Qxe5 28. Rxe5 Bc2 29. Re7 c6 30. Bxc6 Bxb3 31. Bd5 Bxc4 32. Bxc4 Rxc4 33. Rc7 Rc2 34. Kg2 Rd8 35. Ree7 Rf8 36. Re5 Rd8 37. Ree7 Rf8 38. Re5 Rd8 39. Ree7 Rf8 1/2-1/2

[Event "ESP-ch 81st"]
[Site "Linares"]
[Date "2016.08.09"]
[Round "5"]
[White "Pardo Simon, David"]
[Black "Jimenez Almeida, Luis David"]
[Result "1-0"]
[WhiteElo "2492"]
[BlackElo "2212"]
[PlyCount "67"]
[EventDate "2016.08.05"]
[EventType "swiss"]
[EventRounds "9"]
[EventCountry "ESP"]
[SourceTitle "CBM 173 Extra"]
[Source "ChessBase"]
[SourceDate "2016.08.29"]
[SourceVersion "1"]
[SourceVersionDate "2016.08.29"]
[SourceQuality "1"]

1. d4 Nf6 2. c4 g6 3. Nc3 d5 4. cxd5 Nxd5 5. Bd2 Bg7 6. Nf3 0-0 7. Rc1 Nb6 8. Bg5 h6 9. Bh4 g5 10. Bg3 c5 11. dxc5 Bxc3+ 12. bxc3 Qxd1+ 13. Rxd1 Na4 14. h4 g4 15. Ne5 Nc6 16. Nxc6 bxc6 17. Rd4 Nxc3 18. e3 Be6 19. Bc4 Rfd8 20. Bxe6 Rxd4 21. exd4 fxe6 22. h5 Kh7 23. Kd2 Ne4+ 24. Ke3 Nf6 25. Rb1 Nd5+ 26. Kd3 Kg7 27. Kc4 a5 28. Rb6 Kf7 29. Rxc6 Nb4 30. Rb6 Nxa2 31. c6 Nb4 32. c7 Rc8 33. Rb8 Nd5 34. Rxc8 1-0

[Event "ESP-ch 81st"]
[Site "Linares"]
[Date "2016.08.06"]
[Round "2"]
[White "Collazo Hidalgo Gato, Niala"]
[Black "Pardo Simon, David"]
[Result "0-1"]
[WhiteElo "2272"]
[BlackElo "2492"]
[PlyCount "90"]
[EventDate "2016.08.05"]
[EventType "swiss"]
[EventRounds "9"]
[EventCountry "ESP"]
[SourceTitle "CBM 173 Extra"]
[Source "ChessBase"]
[SourceDate "2016.08.29"]
[SourceVersion "1"]
[SourceVersionDate "2016.08.29"]
[SourceQuality "1"]

1. e4 g6 2. d4 d6 3. Nc3 Bg7 4. g3 Nf6 5. Bg2 0-0 6. Nge2 e5 7. h3 exd4 8. Nxd4 Nbd7 9. 0-0 Re8 10. Re1 c6 11. Nde2 Qc7 12. Bf4 Ne5 13. a4 b6 14. b3 a6 15. Be3 Bb7 16. Qd2 b5 17. axb5 cxb5 18. Nd4 Ned7 19. Nd5 Nxd5 20. exd5 Nf6 21. c4 bxc4 22. bxc4 Ne4 23. Qd3 Nc5 24. Qa3 Re7 25. Rab1 Ne4 26. Red1 Rae8 27. Qb4 Ba8 28. Ne6 fxe6 29. Bxe4 exd5 30. Bxd5+ Bxd5 31. Rxd5 Be5 32. Bb6 Qc8 33. Kg2 Rb7 34. Qa4 Qe6 35. Qc6 Reb8 36. c5 Qf5 37. Re1 Rf7 38. cxd6 Rxb6 39. Qe8+ Rf8 40. Qxe5 Qxf2+ 41. Kh1 Rb2 42. Qe6+ Kg7 43. Qe7+ Rf7 44. Qe5+ Rf6 45. Qe7+ Kh6 0-1

[Event "Pardubice Czech op-A 27th"]
[Site "Pardubice"]
[Date "2016.07.29"]
[Round "8"]
[White "Padmini, Rout"]
[Black "Pardo Simon, David"]
[Result "0-1"]
[WhiteElo "2415"]
[BlackElo "2492"]
[PlyCount "92"]
[EventDate "2016.07.22"]
[EventType "swiss"]
[EventRounds "9"]
[EventCountry "CZE"]
[SourceTitle "CBM 173 Extra"]
[Source "ChessBase"]
[SourceDate "2016.08.29"]
[SourceVersion "1"]
[SourceVersionDate "2016.08.29"]
[SourceQuality "1"]

1. e4 d6 2. d4 g6 3. Nc3 Bg7 4. Be3 a6 5. Qd2 b5 6. h4 h6 7. f4 h5 8. Bd3 Nh6 9. Nf3 Bb7 10. 0-0-0 b4 11. Ne2 a5 12. Ng3 d5 13. exd5 Bxd5 14. Kb1 Bxf3 15. gxf3 e6 16. f5 Nxf5 17. Nxf5 gxf5 18. Bc4 c6 19. Bg5 Qd6 20. Bf4 Qd8 21. Rhg1 Bf6 22. Qe3 Qe7 23. Qd3 Nd7 24. d5 Nc5 25. Qd2 exd5 26. Bxd5 0-0-0 27. Rge1 Qa7 28. Qe2 Rxd5 29. Rxd5 cxd5 30. Qb5 Ne6 31. Qc6+ Kd8 32. Qxd5+ Ke8 33. Qxf5 Qd4 34. Bc1 Ke7 35. Qxa5 Rc8 36. Re4 Qd1 37. Qxb4+ Ke8 38. Qa4+ Kf8 39. Rc4 Rxc4 40. Qxc4 Be5 41. a4 Bf4 42. Qc8+ Ke7 43. a5 Bxc1 44. a6 Be3+ 45. Ka2 Qd5+ 46. c4 Qa5+ 0-1